LIBRARY & INFORMATION CENTRE, KCAET, TAVANUR

ONLINE PUBLIC ACCESS CATALOGUE (OPAC)

Pump servicing and maintenance / (Record no. 10460)

MARC details
000 -LEADER
fixed length control field 00414cam a2200169ua 4500
003 - CONTROL NUMBER IDENTIFIER
control field OSt
008 - FIXED-LENGTH DATA ELEMENTS--GENERAL INFORMATION
fixed length control field 250310b |||||||| |||| 00| 0 eng d
041 ## - LANGUAGE CODE
Language code of text/sound track or separate title eng
082 ## - DEWEY DECIMAL CLASSIFICATION NUMBER
Classification number 621.6
Item number GUP/PU
100 ## - MAIN ENTRY--AUTHOR NAME
Personal name Gupta, K N .
245 ## - TITLE STATEMENT
Title Pump servicing and maintenance /
250 ## - EDITION STATEMENT
Edition statement 1 /
260 ## - PUBLICATION, DISTRIBUTION, ETC. (IMPRINT)
Place of publication Newdelhi :
Name of publisher New heights ,
Year of publication 1988.
300 ## - PHYSICAL DESCRIPTION
Number of Pages 223 ; .
700 1# - ADDED ENTRY--PERSONAL NAME
Personal name Kaishish, J P .
942 ## - ADDED ENTRY ELEMENTS (KOHA)
Koha item type Books
Holdings
Withdrawn status Lost status Damaged status Home library Current library Date acquired Full call number Accession Number Koha item type
      KAUAET KAUAET 07/04/2012 621.6 GUP/PU 18901 Books
free website counter